000 00736nam a2200217Ia 4500
001 8078
003 GE_BSU
008 181216s||||||||xx |||||||||||||| ||und||
040 _cGE_BSU
080 _a691.3(075)
100 _aКолоколников,Е.И.
245 _aДолговечность строительных материалов(Бетон и железобетон).
245 _bУчебное пособие.
245 _cРед.А.П.Мартынов.
260 _aМ.
260 _bВысш.школа.
260 _c1975.
300 _a159стр. с илл. 20см.
653 _aДолговечность строительных материалов(Бетон и железобетон).
942 _cBK
999 _c41416
_d41416